Films et series Disney Channel - Statistiques

Statistiques générales
  • Ce quiz a été pris 1 640 fois
  • Le résultat moyen est 12 sur 16
Statistiques - réponses
Par images Réponse % Correct
Jessie
94%
Descendants
89%
Liv et Maddie
86%
Camp kikiwaka
83%
Agent KC
82%
Shake it up
82%
Austin et Ally
78%
Teen Beach Movie
75%
Camp rock
73%
16 voeux
72%
La vie de palace de Zack et Cody
71%
Bonne Chance Charlie
70%
Les sorciers de Waverly Place
70%
Le monde de Riley
65%
Zombies
63%
Hannah Montana
60%
Aucun quiz correspondant
Distribution des résultats
% des personnes avec chaque résultat
Percentile par nombre de réponses
Votre historique - résultats
Vous n’avez pas pris ce quiz